00887nam a2200301 i 4500003001000000005001700010007000300027008004100030020001500071040003500086041000800121043001200129082001700141084001200158100003800170245004800208250002200256264004600278300002500324336002700349337003300376338002800409521005400437650003000491650003400521942001500555999001500570CO-BoRNBP20220317000933.0ta200326s1990 ck gr 000 0 spa d a9581402055 aCO-BoRNBPbspaerdacCO-BoRNBP0 aspa as-ck---04a813bM67223 aN MOR221 aMorales Pradilla, Prosperoeautor13aLa mujer doblecPróspero Morales Pradilla aSegunda edición 1aBogotá, ColombiabPlaza & Janésc1990 a481 páginasc18 cm 2rdacontentatextobtxt 2rdamediaasin mediaciónbn 2rdacarrieravolumenbnc aRecomendado para una audiencia mayor a 18 años 17aNovela colombiana2ARMARC17aLiteratura colombiana2ARMARC 2loccBKLIT c5464d5464